<?xml version="1.0" encoding="UTF-8"?>
<record
    xmlns:xsi="http://www.w3.org/2001/XMLSchema-instance"
    xsi:schemaLocation="http://www.loc.gov/MARC21/slim http://www.loc.gov/standards/marcxml/schema/MARC21slim.xsd"
    xmlns="http://www.loc.gov/MARC21/slim">

  <leader>00689nam a22002417a 4500</leader>
  <controlfield tag="003">UA-OsUOA</controlfield>
  <controlfield tag="001"> 38907 </controlfield>
  <controlfield tag="007">ta</controlfield>
  <controlfield tag="008">20080228b un ||||| |||| 00| 0 ukr d</controlfield>
  <datafield tag="090" ind1=" " ind2=" ">
    <subfield code="a">050/94(477).152&#x421;&#x428;&#x410;</subfield>
    <subfield code="b">&#x411;98</subfield>
  </datafield>
  <datafield tag="942" ind1=" " ind2=" ">
    <subfield code="c">MG</subfield>
  </datafield>
  <datafield tag="040" ind1=" " ind2=" ">
    <subfield code="a">UA-OsUOA</subfield>
    <subfield code="b">ukr</subfield>
    <subfield code="c">UA-OsUOA</subfield>
    <subfield code="d">UA-OsUOA</subfield>
  </datafield>
  <datafield tag="245" ind1=" " ind2=" ">
    <subfield code="a">&#x411;&#x44E;&#x43B;&#x435;&#x442;&#x435;&#x43D;&#x44C; &#x41D;&#x430;&#x443;&#x43A;&#x43E;&#x432;&#x43E;&#x433;&#x43E; &#x422;&#x43E;&#x432;&#x430;&#x440;&#x438;&#x441;&#x442;&#x432;&#x430; &#x456;&#x43C;. &#x428;&#x435;&#x432;&#x447;&#x435;&#x43D;&#x43A;&#x430; &#x432; &#x410;&#x43C;&#x435;&#x440;&#x438;&#x446;&#x456;</subfield>
  </datafield>
  <datafield tag="300" ind1=" " ind2=" ">
    <subfield code="a">56 &#x441;.</subfield>
  </datafield>
  <datafield tag="955" ind1=" " ind2=" ">
    <subfield code="a">4</subfield>
  </datafield>
  <datafield tag="041" ind1=" " ind2=" ">
    <subfield code="a">ukr</subfield>
  </datafield>
  <datafield tag="080" ind1=" " ind2=" ">
    <subfield code="a">050/94(477).152&#x421;&#x428;&#x410;</subfield>
  </datafield>
  <datafield tag="260" ind1=" " ind2=" ">
    <subfield code="a">&#x41D;.-&#x419;.</subfield>
    <subfield code="b">&#x41D;&#x422;&#x428;</subfield>
  </datafield>
  <datafield tag="246" ind1="3" ind2="1">
    <subfield code="a">&#x41D;&#x422;&#x428;-&#x430; &#x43F;&#x430;&#x43C;'&#x44F;&#x442;&#x430;&#x454; &#x413;&#x43E;&#x43B;&#x43E;&#x434;&#x43E;&#x43C;&#x43E;&#x440; 1932 - 1933</subfield>
  </datafield>
  <datafield tag="310" ind1=" " ind2=" ">
    <subfield code="a">&#x427;&#x438;&#x441;&#x43B;&#x43E; 24(40), 2007</subfield>
  </datafield>
  <datafield tag="650" ind1=" " ind2="7">
    <subfield code="2">UDC</subfield>
  </datafield>
  <datafield tag="999" ind1=" " ind2=" ">
    <subfield code="c">437419</subfield>
    <subfield code="d">437419</subfield>
  </datafield>
</record>
